World of Tanks - T XI - Statistiques

Statistiques générales
  • Ce quiz a été pris 41 fois
  • Le résultat moyen est 5 sur 16
Statistiques - réponses
Hint Réponse % Correct
France AMX - 67 Imbattable
62%
Chinese BZ-79
59%
Sweden Strv 107-12
59%
UK AT-FV230 Breaker
45%
Poland CS-67 Skazal
41%
URSS Object 430-U
41%
UK FV-4025 Contriver
38%
URSS KR-1
28%
France AS-XX 40T
24%
USA T-803
24%
USA XM69 Hacker
24%
Germany Leopard 120 Verbessert
21%
USA Black Rock
17%
Germany Hirschkäffer
17%
Germany LeKpz Borkenfäker
14%
Germany Taschenratte
7%
Aucun quiz correspondant
Distribution des résultats
% des personnes avec chaque résultat
Percentile par nombre de réponses
Votre historique - résultats
Vous n’avez pas pris ce quiz